| 000 | 00788cam a2200217 i 4500 | ||
|---|---|---|---|
| 001 | 000015270 | ||
| 005 | 20200929164010.0 | ||
| 008 | 750814s1975 txu 100 0 spa | ||
| 010 | _a75321271 | ||
| 040 |
_aDO-SdBNP _cDLC _dDLC |
||
| 050 | 0 | 0 |
_aBT94 _b.R34 |
| 245 | 0 | 3 |
_aEl Reino de Dios y America Latina / _cC. Rene Padilla, editor. |
| 250 | _a1. ed. | ||
| 260 |
_a[El Paso, Tex.] : _bCasa Bautista de Publicaciones, _c1975. |
||
| 300 |
_a160 p. ; _c22 cm. |
||
| 500 | _aPapers presented at the 2d meeting of the Fraternidad Teologica Latinoamericana, held in Lima, Peru, Dec. 11-18, 1972. | ||
| 650 | 0 |
_aKingdom of god _xCongresses. _934546 |
|
| 700 | 1 |
_aPadilla, C. Rene. _934547 |
|
| 710 | 2 |
_aFraternidad Teologica Latinoamericana. _934548 |
|
| 910 | _aCatalogación por copia / LC | ||
| 999 |
_c14836 _d14836 |
||